Southville International School and Colleges
Your cart is empty.
  • Cart
  • Lists
    Public lists Eva Luna New books Lux_list list_1
    Your lists Log in to create your own lists
  • Log in to your account
  • Your cookies
  • Search history
Southville International School and Colleges
  • Advanced search
  • Recent comments
  • Most popular
  • Libraries

Log in to your account

Log in with GOOGLE


If you do not have an external account, but do have a local account, you can still log in:

  1. Home
  2. MARC view: Using Turbo Pascal for Windows /
Normal view MARC view ISBD view

Using Turbo Pascal for Windows / (Record no. 283979)

[ view plain ]
MARC details
000 -LEADER
fixed length control field 00629nam a22002050 4500
001 - CONTROL NUMBER
control field ocn9713702166
003 - CONTROL NUMBER IDENTIFIER
control field PILC
005 - DATE AND TIME OF LATEST TRANSACTION
control field 20150514104137.0
008 - FIXED-LENGTH DATA ELEMENTS--GENERAL INFORMATION
fixed length control field /0/1
020 ## - INTERNATIONAL STANDARD BOOK NUMBER
International Standard Book Number 9713702166
050 ## - LIBRARY OF CONGRESS CALL NUMBER
Classification number QA 76.73.P2
Item number .P462 1992
100 1# - MAIN ENTRY--PERSONAL NAME
Personal name Perry, Paul J.
245 10 - TITLE STATEMENT
Title Using Turbo Pascal for Windows /
Statement of responsibility, etc Paul J. Perry.
260 ## - PUBLICATION, DISTRIBUTION, ETC. (IMPRINT)
Place of publication, distribution, etc Cainta, Rizal :
Name of publisher, distributor, etc Jemma, Inc.,
Date of publication, distribution, etc 1992.
300 ## - PHYSICAL DESCRIPTION
Extent xvii, 620 pages :
Other physical details illustrations ;
Dimensions 21 cm.
500 ## - GENERAL NOTE
General note Includes index.
650 ## - SUBJECT ADDED ENTRY--TOPICAL TERM
Topical term or geographic name as entry element Pascal (Computer program language).
650 ## - SUBJECT ADDED ENTRY--TOPICAL TERM
Topical term or geographic name as entry element Turbo Pascal for Windows (Computer file).
942 ## - ADDED ENTRY ELEMENTS (KOHA)
Source of classification or shelving scheme Library of Congress Classification
Koha item type Books
Call number prefix Filipininana
Holdings
Withdrawn status Lost status Source of classification or shelving scheme Damaged status Home library Current library Shelving location Date acquired Source of acquisition Sub Shelving location Total Checkouts Full call number Barcode Date last seen Price effective from Koha item type
    Library of Congress Classification   College Library College Library Filipiniana Section 05/14/2015 Library Fund     QA 76.73.P2 .P462 1992 C19286 05/08/2018 05/14/2015 Books

Using Turbo Pascal for Windows /

APA

Perry P. J., . (1992). Using Turbo Pascal for Windows. Cainta, Rizal: Jemma, Inc.

Chicago

Perry Paul J, . 1992. Using Turbo Pascal for Windows. Cainta, Rizal: Jemma, Inc.

Harvard

Perry P. J., . (1992). Using Turbo Pascal for Windows. Cainta, Rizal: Jemma, Inc.

MLA

Perry Paul J, . Using Turbo Pascal for Windows. Cainta, Rizal: Jemma, Inc. 1992.

  • Place hold
  • Print
  • Cite
  • Add to your cart (remove)
  • Save record
    BIBTEX Dublin Core MARCXML MARC (non-Unicode/MARC-8) MARC (Unicode/UTF-8) MARC (Unicode/UTF-8, Standard) MODS (XML) RIS
  • More searches
    Search for this title in:
    Other Libraries (WorldCat) Other Databases (Google Scholar) Online Stores (Bookfinder.com) Open Library (openlibrary.org)

Exporting to Dublin Core...

SOUTHVILLE LIBRARY

Southville International School and Colleges Library

1281 Tropical Ave. Cor. Luxembourg St., BF Homes International, Las Pinas City

Tel. No. 8256374 / 252358 Loc. 117/146

Powered by Koha